000 01616nam a2200325 a 4500
001 BRCA_2891
005 20190320204022.0
008 111208s1843----gw-a---###---#000-0dger-u
041 _ager
044 _agw
084 _a286
_b.F56
_c1843
100 1 _aCervantes Saavedra, Miguel de
_d1547-1616
_9213
245 1 0 _aDer sinnreiche Junker Don Quixote von la Mancha
_cvon Miguel de Cervantes Saavedra.
260 _aPforzheim (Alemania)
_bDennig, Finck
_c1843
300 _a2 v.
_bil.
_c15 cm.
_ei lámina plegable
500 _aContenido : v 1. Primere parte. Noticia sobre la vida y la obra de Cervantes, traducción de la escrita por Viardot. Nota del traductor. Prólogo del autor. texto. -- v 2. Segunda parte. Prólogo del autor. Texto
500 _aEdición : Aus dem Spanischen. Mit Illustrationen nach Tony Johannot
500 _aTraducción anónima, fundada en la de Bertuch, pero mejorada. Edición bastante bien impresa, en papel de poco cuerpo y adornada con varios dibujos de T. Johannot. Semitela; lomeras decoradas con adornos Lúdovik Osterc
500 _aEstado físico : Las primeras hojas del volumen 2 se encuentran desprendidas
500 _aQMH517
546 _aTexto en : alemán
650 1 4 _aNovela española
_yÉpoca clásica, 1500-1700
_9215
650 1 4 _aLiteratura española
_yÉpoca clásica, 1500-1700
_9216
650 1 4 _aNovela española
_ySiglo XVII
_9217
650 1 4 _aDon Quijote (Personaje ficticio)
_eNovela
_9218
700 1 _aJohannot, Tony
_d1803-1852
_eIlustrador
_98055
740 0 _aEl Ingenioso Hidalgo Don Quijote de la Mancha
902 _aQFM
942 _2lcc
_cB
999 _c2630
_d2630